| 000 | 00777nam a2200229Ia 4500 | ||
|---|---|---|---|
| 001 | 7069 | ||
| 003 | GE_BSU | ||
| 008 | 181216s||||||||xx |||||||||||||| ||und|| | ||
| 040 | _cGE_BSU | ||
| 080 | _a621.3.011.72 | ||
| 100 | _aБессонов,Л.А. | ||
| 245 | _aНелинейные электрические цепи. | ||
| 245 | _bУчебное пособие. | ||
| 245 | _cРед.Т.И.Артемова, Л.А.Туницына, В.М.Фотиев. | ||
| 250 | _aИзд 2-ое, перераб. и дополн. | ||
| 260 | _aПетрозаводск. | ||
| 260 | _bВысшая школа. | ||
| 260 | _c1964. | ||
| 300 | _a430стр.22см.библиогр.:стр.417-421. | ||
| 653 | _aНелинейные электрические цепи. | ||
| 942 | _cBK | ||
| 999 |
_c40459 _d40459 |
||